Hệ thống chính trị Mỹ cơ cấu và tác động đối với quá trình hoạch định chính sách đối ngoại

Uloženo v:
Podrobná bibliografie
Hlavní autor: Vũ, Dương Huân
Médium: Kniha
Jazyk:Undetermined
Vydáno: Hà Nội Chính trị Quốc gia 2002
Tagy: Přidat tag
Žádné tagy, Buďte první, kdo otaguje tento záznam!
Thư viện lưu trữ: Trung tâm Học liệu Trường Đại học Cần Thơ
LEADER 00563nam a2200157Ia 4500
001 CTU_49920
008 210402s9999 xx 000 0 und d
082 |a 321.73 
082 |b H502 
100 |a Vũ, Dương Huân 
245 0 |a Hệ thống chính trị Mỹ cơ cấu và tác động đối với quá trình hoạch định chính sách đối ngoại 
245 0 |c Vũ Dương Huân 
260 |a Hà Nội 
260 |b Chính trị Quốc gia 
260 |c 2002 
980 |a Trung tâm Học liệu Trường Đại học Cần Thơ